| 000 | 00565cam a2200217ua 4500 | ||
|---|---|---|---|
| 005 | 20260209064829.0 | ||
| 008 | 160903n ii |||gr||||Z||||||asm | ||
| 040 |
_cMAIN _aIN-DiNC |
||
| 041 | _dasm | ||
| 082 |
_a330.15 _bAHM |
||
| 100 |
_aAhmed, Rofique, _eauthor |
||
| 245 |
_aArthanaitik bhabdharar itihas/ _cby Rofique Ahmed |
||
| 250 | _a12th ed. | ||
| 260 |
_aJorhat: _bUnika prakashan, _c2016. |
||
| 300 | _a585p. | ||
| 650 | _aEconomics | ||
| 650 | _aHistory of economic thought | ||
| 653 | _aEconomics | ||
| 653 | _aEconomic thought | ||
| 942 |
_cBK _2ddc |
||
| 999 |
_c8810 _d8810 |
||